Où consomme-t-on des fruits et légumes chaque jour en Europe ? - Statistiques

Statistiques générales
  • Ce quiz a été pris 113 fois
  • Le résultat moyen est 21 sur 26
Statistiques - réponses
Fruits Légumes Pays % Correct
55 58 France
100%
67 45 Espagne
99%
47 34 Allemagne
97%
76 61 Italie
96%
71 55 Portugal
94%
59 68 Suède
91%
54 78 Belgique
89%
55 62 Grèce
89%
63 66 Royaume-Uni
89%
32 40 Finlande
87%
62 69 Suisse
87%
54 55 Norvège
85%
55 67 Irlande
83%
56 48 Autriche
82%
43 29 Pays-Bas
81%
59 56 Pologne
81%
53 44 Danemark
80%
50 52 Luxembourg
74%
52 60 Islande
73%
52 55 Estonie
72%
59 46 Hongrie
71%
30 43 Lettonie
70%
47 41 Tchéquie
67%
47 44 Slovaquie
66%
61 61 Slovénie
66%
48 60 Turquie
41%
Aucun quiz correspondant
Distribution des résultats
% des personnes avec chaque résultat
Percentile par nombre de réponses
Votre historique - résultats
Vous n’avez pas pris ce quiz